000 00873cam a2200253Ii 4500
008
020 _a0199674981 (hbk.)
049 _aMAIN
090 _aREF NA31
_bCUR
100 1 _aCurl, James Stevens,
_d1937-
245 1 4 _aThe Oxford dictionary of architecture /
_cJames Stevens Curl, with line drawings by the author ; and contributions on landscape architecture by Susan Wilson
250 _a3rd ed.
260 _aNew York :
_bOxford University Press,
_c2015
300 _axxii, 1,017 p. :
_bill. ;
_c24 cm
504 _aIncludes bibliographical references
650 0 _aArchitecture
_vDictionaries
655 7 _aDictionaries.
_2fast
_0(OCoLC)fst01423826
700 1 _aWilson, Susan
907 _a.b10384145
_b26-09-17
_c26-09-17
003
005 20230123122301.0
040 _cNUST
942 _cBOOKS
_kREF NA31
_mCUR
999 _c130971
_d130971